Statistics for Rock Albums #9

Click here to take the quiz!

General Stats

  • This quiz has been taken 14 times
  • The average score is 3 of 20

Answer Stats

AlbumYear of ReleaseArtist% Correct
Bark at the Moon1983Ozzy Osbourne
77%
Toys in the Attic1975Aerosmith
62%
Flight 666 : The original Soundtrack2009Iron Maiden
38%
White Blood Cells2001The White Stripes
38%
Black Caesar1973James Brown
31%
Reckless1984Bryan Adams
23%
Long Cold Winter1988Cinderella
15%
Tattoos & Tequila2010Vince Neil
15%
Come an' Get it1981White Snake
15%
BUMMER2021Cleopatrick
8%
Blossom2015Frank Carter and The rattlesnakes
8%
This Land2019Gary Clark Jr.
8%
Shine On2006Jet
8%
This is the Voice1986Agent Orange
0%
Love Metal2003HIM
0%
Hot Wire1991Kix
0%
The Dark Horse2024L.A. Guns
0%
Head Down2012Rival Sons
0%
Rituals2016Rotting Christ
0%
Veni Vidi Vicious2000The Hives
0%

Score Distribution

Percentile by Number Answered

Percent of People with Each Score

Your Score History

You have not taken this quiz